| 000 | 00754nam a2200253Ia 4500 | ||
|---|---|---|---|
| 003 | OSt | ||
| 005 | 20221005075914.0 | ||
| 006 | a|||||r|||| 00| 0 | ||
| 007 | ta | ||
| 008 | 221004b |||||||| |||| 00| 0 san d | ||
| 020 |
_a9788183152617 (hbk) _c500 |
||
| 024 | _a24737 | ||
| 037 |
_b57, 22/12/2015, Mallika Books _cTextual |
||
| 040 |
_aCRL _cCRL _bsan |
||
| 041 |
_2san _asan |
||
| 082 | _aO158,1x, 15Q5 | ||
| 100 |
_aSharma Dipak Kumar _9462194 |
||
| 245 | 0 | _aAsama vanmanjari | |
| 260 |
_aNew Delhi _bNew Bharatiya Book Corporation India _c2015 |
||
| 300 |
_a204p. _ccm. |
||
| 650 | _aENGLISH LITERATURE | ||
| 942 |
_hO158,1x, 15Q5 _cTEXL _2cc |
||
| 999 |
_c985386 _d985386 |
||